|
|
|
|
| LEADER |
01037nam a22002777i 4500 |
| 001 |
29200 |
| 003 |
BD-DhAAL |
| 005 |
20150507103833.0 |
| 008 |
150507t20121995bg 000 1 ben |
| 010 |
|
|
|a 2014346101
|
| 020 |
|
|
|a 9787010503746
|
| 040 |
|
|
|a BD-DhAAL
|c BD-DhAAL
|
| 041 |
|
|
|a ben
|
| 042 |
|
|
|a lcode
|
| 082 |
|
|
|a 891.44371
|
| 100 |
1 |
|
|a মিলন, ইমদাদুল হক
|9 10917
|
| 245 |
1 |
0 |
|a নূরজাহানঃ
|c ইমদাদুল হক মিলন
|b প্রথম পর্ব /
|
| 260 |
|
|
|a ঢাকাঃ
|b অনন্যা,
|c ২০১২
|
| 300 |
|
|
|a ২৮৫ পৃ ;
|c ২২ সেমি
|
| 500 |
|
|
|a Novel.
|
| 541 |
|
|
|e 29200
|
| 546 |
|
|
|a In Bengali.
|
| 651 |
|
0 |
|a Bangladesh
|x Fiction
|9 6692
|
| 942 |
|
|
|2 ddc
|c BK
|
| 999 |
|
|
|c 34368
|d 34368
|
| 952 |
|
|
|0 0
|1 0
|2 ddc
|4 0
|6 891_443710000000000_MIL
|7 0
|9 53665
|a BRACUL
|b BRACUL
|c GEN
|d 2015-05-07
|e BRAC Institute of Language (BIL)
|l 3
|m 33
|o 891.44371 MIL
|p 3010029200
|r 2024-11-12
|s 2024-11-03
|t 1
|w 2015-05-07
|y BK
|x Transferred from BIL to BRACUL on 06/06/22
|